000
00379nam a2200181Ia 4500
003
IT-RoPAU
008
120407s9999 xx 000 0 und d
040
_a
IT-RoPAU
040
_c
IT-RoPAU
100
_a
W. Kopp
245
_a
Antichità private dei romani
250
_a
Milano
260
_a
Hoepli
300
_c
cm
490
_v
1
700
_a
N. Moreschi
942
_c
BK
999
_c
6802
_d
6802